Online
Catalog

Relatos de un neofito / (Record no. 37586)

MARC details
000 -CABECERA
campo de control de longitud fija 00379nam a2200133 a 4500
001 - NÚMERO DE CONTROL
campo de control 000038096
005 - FECHA Y HORA DE LA ÚLTIMA TRANSACCIÓN
campo de control 20201002031156.0
008 - DATOS DE LONGITUD FIJA--INFORMACIÓN GENERAL
campo de control de longitud fija 130313s2004 dr 000 0 spa d
040 ## - FUENTE DE LA CATALOGACIÓN
Centro catalogador/agencia de origen DO-SdBNP
Lengua de catalogación spa
Centro/agencia transcriptor BNPHU
100 1# - ENTRADA PRINCIPAL--NOMBRE DE PERSONA
Nombre de persona De la Rosa, Rafael
9 (RLIN) 64481
245 10 - MENCIÓN DE TÍTULO
Título Relatos de un neofito /
Mención de responsabilidad, etc. Rafael de la Rosa.
260 ## - PUBLICACIÓN, DISTRIBUCIÓN, ETC.
Lugar de publicación, distribución, etc. [s. n.] :
Nombre del editor, distribuidor, etc. [s. l.] ,
Fecha de publicación, distribución, etc. [s. f.].
300 ## - DESCRIPCIÓN FÍSICA
Extensión 86 p. : ;
Dimensiones 20 cm.
Holdings
Estado de retiro Estado de pérdida No para préstamo Código de colección Localización permanente Ubicación/localización actual Ubicación en estantería Fecha de adquisición Número de inventario Total de préstamos Signatura topográfica completa Código de barras Fecha visto por última vez Precio válido a partir de Tipo de ítem Koha
      Patrimonio Dominicano Patrimonio Dominicano Patrimonio Dominicano Orden iniciada 13.03.2013 LF1   38096-10 25.06.2020 25.06.2020 Libro y Folleto Colección Patrimonio Dominicano

Powered by Koha